Southville International School and Colleges
Your cart is empty.
  • Cart
  • Lists
    Public lists Eva Luna New books Lux_list list_1
    Your lists Log in to create your own lists
  • Log in to your account
  • Your cookies
  • Search history
Southville International School and Colleges
  • Advanced search
  • Recent comments
  • Most popular
  • Libraries

Log in to your account

Log in with GOOGLE


If you do not have an external account, but do have a local account, you can still log in:

  1. Home
  2. MARC view: Disciplined entrepreneurship :
Normal view MARC view ISBD view

Disciplined entrepreneurship : (Record no. 366618)

[ view plain ]
MARC details
000 -LEADER
fixed length control field 01502nam a22002177a 4500
003 - CONTROL NUMBER IDENTIFIER
control field 0
005 - DATE AND TIME OF LATEST TRANSACTION
control field 20241026085247.0
008 - FIXED-LENGTH DATA ELEMENTS--GENERAL INFORMATION
fixed length control field 241026b xxu||||| |||| 00| 0 eng d
020 ## - INTERNATIONAL STANDARD BOOK NUMBER
International Standard Book Number 9781394222513
050 ## - LIBRARY OF CONGRESS CALL NUMBER
Classification number HD 62.5
Item number .Au95 2024
100 ## - MAIN ENTRY--PERSONAL NAME
Personal name Aulet, Bill,
Relator term author.
245 ## - TITLE STATEMENT
Title Disciplined entrepreneurship :
Remainder of title 24 steps to a successful startup /
Statement of responsibility, etc Bill Aulet.
250 ## - EDITION STATEMENT
Edition statement Expanded and updated.
260 ## - PUBLICATION, DISTRIBUTION, ETC. (IMPRINT)
Place of publication, distribution, etc Hoboken, New Jersey :
Name of publisher, distributor, etc John Wiley & Sons, Inc.,
Date of publication, distribution, etc 2024.
300 ## - PHYSICAL DESCRIPTION
Extent xlix, 349 p. :
Other physical details col. ill. ;
Dimensions 23 cm.
504 ## - BIBLIOGRAPHY, ETC. NOTE
Bibliography, etc Includes index.
520 ## - SUMMARY, ETC.
Summary, etc "For the past decade, Disciplined Entrepreneurship has changed the way people think about starting a company. Many believed that entrepreneurship could not be taught, but great entrepreneurs are not born with something special--they simply make great products. Disciplined Entrepreneurship showed people how to create a successful startup through developing an innovative product by breaking down the necessary processes into an integrated, comprehensive, and proven 24-step framework that any industrious person can learn and apply. This fully updated and revised edition combines the renowned principles of Disciplined Entrepreneurship with the practical applications of the Disciplined Entrepreneurship Workbook, providing a comprehensive, all-in-one resource for current and aspiring entrepreneurs."--Provided by publisher.
650 ## - SUBJECT ADDED ENTRY--TOPICAL TERM
Topical term or geographic name as entry element New business enterprises
Form subdivision Management.
650 ## - SUBJECT ADDED ENTRY--TOPICAL TERM
Topical term or geographic name as entry element Entrepreneurship.
942 ## - ADDED ENTRY ELEMENTS (KOHA)
Source of classification or shelving scheme Library of Congress Classification
Koha item type Books
Holdings
Withdrawn status Lost status Source of classification or shelving scheme Damaged status Home library Current library Shelving location Date acquired Source of acquisition Sub Shelving location Total Checkouts Total Renewals Full call number Barcode Date last seen Date checked out Price effective from Koha item type
    Library of Congress Classification   College Library College Library Reserve Section 10/26/2024 Library Fund   1 2 HD 62.5 .Au95 2024 C23864 12/16/2025 11/14/2025 10/26/2024 Books

Disciplined entrepreneurship :

APA

Aulet B., . (2024). Disciplined entrepreneurship. Hoboken, New Jersey: John Wiley & Sons, Inc.

Chicago

Aulet Bill, . 2024. Disciplined entrepreneurship. Hoboken, New Jersey: John Wiley & Sons, Inc.

Harvard

Aulet B., . (2024). Disciplined entrepreneurship. Hoboken, New Jersey: John Wiley & Sons, Inc.

MLA

Aulet Bill, . Disciplined entrepreneurship. Hoboken, New Jersey: John Wiley & Sons, Inc. 2024.

  • Place hold
  • Print
  • Cite
  • Add to your cart (remove)
  • Save record
    BIBTEX Dublin Core MARCXML MARC (non-Unicode/MARC-8) MARC (Unicode/UTF-8) MARC (Unicode/UTF-8, Standard) MODS (XML) RIS
  • More searches
    Search for this title in:
    Other Libraries (WorldCat) Other Databases (Google Scholar) Online Stores (Bookfinder.com) Open Library (openlibrary.org)

Exporting to Dublin Core...

SOUTHVILLE LIBRARY

Southville International School and Colleges Library

1281 Tropical Ave. Cor. Luxembourg St., BF Homes International, Las Pinas City

Tel. No. 8256374 / 252358 Loc. 117/146

Powered by Koha